| 000 | 00632nam a2200229Ia 4500 | ||
|---|---|---|---|
| 003 | OSt | ||
| 005 | 20221007072635.0 | ||
| 006 | a|||||r|||| 00| 0 | ||
| 007 | ta | ||
| 008 | 221006b |||||||| |||| 00| 0 eng d | ||
| 024 | _a25,293 | ||
| 037 | _cTextual | ||
| 040 |
_aFLL _cFLL _beng |
||
| 041 |
_2eng _aeng |
||
| 082 | _aZ3:6121, J1 | ||
| 100 | _aJackson Joseph | ||
| 245 | 0 | _aLaw relating to the formation and annulment of marriage | |
| 260 |
_aLondon _bSweet & Maxwell Ltd. London _c1951 |
||
| 300 |
_axxvii,1-324p _ccm. |
||
| 942 |
_hZ3:6121, J1 _cTEXL _2CC |
||
| 999 |
_c1146629 _d1146629 |
||